Longest Books of the Bible (by Chapters) - Statistics

General Stats
  • This quiz has been taken 522 times
  • The average score is 16 of 20
Answer Stats
Chapters Answer % Correct
150 Psalms
97%
50 Genesis
96%
40 Exodus
94%
27 Leviticus
92%
36 Numbers
91%
28 Matthew
89%
24 Luke
86%
31 Proverbs
86%
34 Deuteronomy
85%
66 Isaiah
83%
52 Jeremiah
81%
31 1 Samuel
80%
28 Acts
79%
42 Job
76%
29 1 Chronicles
75%
24 Joshua
74%
24 2 Samuel
73%
36 2 Chronicles
69%
48 Ezekiel
67%
25 2 Kings
64%
No matching quizzes found
Score Distribution
Percent of People with Each Score
Percentile by Number Answered
Your Score History
You have not taken this quiz